书目信息 |
| 题名: |
鱼类学讲义
|
|
| 作者: | 王以康 编译 | |
| 分册: | ||
| 出版信息: | 北京 科学技术出版社 1958 |
|
| 页数: | 212页 | |
| 开本: | 20cm | |
| 丛书名: | ||
| 单 册: | ||
| 中图分类: | Q959.4 | |
| 科图分类: | ||
| 主题词: | 鱼类学 | |
| 电子资源: | ||
| ISBN: | 16119.85 | |
| 000 | 00594cam0 2200229 450 | |
| 001 | 0105436589 | |
| 005 | 20071206083651.0 | |
| 010 | @a16119.85@dCNY1.30 | |
| 091 | @a16119.85@dCNY1.30 | |
| 100 | @a19970623d1958 em y0chiy0110 ea | |
| 101 | 1 | @achi |
| 102 | @aCN@b310000 | |
| 105 | @ay z 000yy | |
| 106 | @ar | |
| 200 | 1 | @a鱼类学讲义@9Yu Lei Xue Jiang Yi @f王以康编译@b专著 |
| 210 | @a北京@c科学技术出版社@d1958 | |
| 215 | @a212页@d20cm | |
| 606 | 0 | @a鱼类学 |
| 690 | @aQ959.4@v3 | |
| 701 | 0 | @a王以康@9wang yi kang@4编译 |
| 801 | 0 | @aCN@bAiZhiMarc |
| 905 | @aBZT@dQ95@e96@f1@sQ95/96 | |
| 鱼类学讲义/王以康编译.-北京:科学技术出版社,1958 |
| 212页;20cm |
| ISBN 16119.85:CNY1.30 |
| ● |
| 相关链接 |
|
|
|
正题名:鱼类学讲义
索取号:Q95/96
 
预约/预借
| 序号 | 登录号 | 条形码 | 馆藏地/架位号 | 状态 | 备注 |
| 1 | 2000102191 | 2000102191 | 旧书回溯/ [索取号:Q95/96] | 在馆 |